[Event "29th Czech Open A 2018"]
[Site "Pardubice CZE"]
[Date "2018.07.21"]
[Round "2.29"]
[White "Merry, Alan B"]
[Black "Ilic, Zoran S"]
[Result "1-0"]
[WhiteTitle "IM"]
[BlackTitle "IM"]
[WhiteElo "2462"]
[BlackElo "2303"]
[WhiteFideId "418811"]
[BlackFideId "901733"]
[EventDate "2018.07.20"]

1. e4 c5 2. Nf3 e6 3. g3 Nc6 4. Bg2 Nf6 5. d3 d6 6. O-O Be7 7. Nbd2 Bd7 8. Re1
O-O 9. c3 Rc8 10. a3 b5 11. d4 cxd4 12. cxd4 e5 13. d5 Na5 14. b3 Qc7 15. Bb2
Qc2 16. Rb1 Qxd1 17. Rexd1 Bd8 18. Bf1 Bb6 19. h3 Nxb3 20. Nxb3 Nxe4 21. Kh2
Bxf2 22. g4 f5 23. gxf5 Rxf5 24. Bg2 Bg3+ 25. Kg1 Bf2+ 26. Kh1 Rh5 27. Nbd2 Nxd2
28. Rxd2 Be3 29. Re2 Bf4 30. Ng1 g5 31. Bf3 Rh4 32. Kg2 h5 33. Be4 g4 34. hxg4
hxg4 35. Kf1 b4 36. Bd3 bxa3 37. Bxa3 Rc3 38. Rb8+ Kf7 39. Rb7 Rxd3 40. Rxd7+
Kg6 41. Rxd6+ Kf5 42. Bc5 e4 43. Rd8 e3 44. d6 Rh7 45. Re8 Bxd6 46. Bxd6 Rxd6
47. R8xe3 Rd5 48. Rf2+ Kg5 49. Re8 Rg7 50. Ref8 Re5 51. Ne2 Rg6 52. Ng3 Rge6 53.
Kg2 Rb5 54. Rg8+ Rg6 55. Rh8 Rh6 56. Ne4+ Kh5 57. Rg8 Rg6 58. Nf6+ Kg5 59. Ne4+
Kh5 60. Ra8 a6 61. Nf6+ Kg5 62. Rxa6 Kh4 63. Ra8 Kg5 64. Ne4+ Kh5 65. Kf1 Rb1+
66. Kg2 Rb5 67. Ra7 Rgb6 68. Rf8 Rb2+ 69. Nf2 Kg5 70. Ra4 R6b4 71. Ra7 Rb7 72.
Raa8 R7b6 73. Rac8 R6b5 74. Rg8+ Kf5 75. Rcf8+ Ke6 76. Rxg4 Kd6 77. Kg3 R5b3+
78. Kh4 Rb4 79. Ne4+ Kc6 80. Kg5 Re2 81. Kf5 Rb5+ 82. Kf4 Rb4 83. Rg6+ Kb5 84.
Re8 Rc2 85. Ke3 Rb3+ 86. Kd4 Rb4+ 87. Kd3 Rcc4 88. Nd6+ 1-0

[Event "29th Czech Open A 2018"]
[Site "Pardubice CZE"]
[Date "2018.07.21"]
[Round "2.30"]
[White "Pauly, Carlo"]
[Black "Vogel, Roven"]
[Result "1-0"]
[BlackTitle "IM"]
[WhiteElo "2312"]
[BlackElo "2462"]
[WhiteFideId "24673269"]
[BlackFideId "12908088"]
[EventDate "2018.07.20"]

1. Nf3 Nf6 2. c4 e6 3. e3 d5 4. b3 Bd6 5. Bb2 O-O 6. Be2 b6 7. O-O Bb7 8. cxd5
exd5 9. Nd4 Re8 10. Nc3 Bf8 11. Bf3 Nbd7 12. Nf5 Ne5 13. d4 Nxf3+ 14. Qxf3 Bc8
15. h3 Ne4 16. Nxe4 dxe4 17. Qh5 Qf6 18. Ng3 Ba6 19. Rfc1 Bd6 20. a4 Rad8 21.
Ba3 c5 22. Bb2 g6 23. Qg4 Bc8 24. Qe2 Qe6 25. dxc5 Bxc5 26. Rd1 f6 27. Qc2 Rxd1+
28. Rxd1 Ba6 29. Qc3 Be7 30. Qc7 Bd3 31. Rc1 Qxb3 32. Qd7 Kf7 33. Bd4 Qe6 34.
Qc7 Rd8 35. Qxa7 Rd6 36. Rc7 Rc6 37. Bxb6 Rxc7 38. Qxc7 Qd6 39. Qa7 h5 40. h4
Bc2 41. a5 Qd5 42. a6 Ba4 43. Qc7 Bc6 44. Bd4 Qd6 45. Qc8 Qe6 46. Qh8 Bf8 47. a7
Bb7 48. Ne2 Bc6 49. Nc3 Qf5 50. Na4 Bb7 51. Nb6 Qe6 52. a8=Q Bxa8 53. Nxa8 Qc6
54. Nb6 Qc1+ 55. Kh2 Bd6+ 56. g3 Bxg3+ 57. fxg3 1-0

[Event "29th Czech Open A 2018"]
[Site "Pardubice CZE"]
[Date "2018.07.21"]
[Round "2.31"]
[White "Petr, Martin"]
[Black "Gombocz, Ferenc Jr."]
[Result "0-1"]
[WhiteTitle "GM"]
[BlackTitle "FM"]
[WhiteElo "2456"]
[BlackElo "2301"]
[WhiteFideId "318299"]
[BlackFideId "775029"]
[EventDate "2018.07.20"]

1. e4 e5 2. f4 c6 3. Nf3 d5 4. Nxe5 dxe4 5. Bc4 Nh6 6. Nc3 f6 7. d4 fxe5 8. Qh5+
Kd7 9. fxe5 b5 10. O-O Kc7 11. Bxh6 gxh6 12. Rf7+ Kb6 13. Bb3 a5 14. a4 b4 15.
Nxe4 Qxd4+ 16. Nf2 Bc5 17. e6 Ra7 18. Rd1 Qe3 19. Rf6 Re7 20. Kh1 Bxe6 21. Bxe6
Rxe6 22. Rxe6 Qxe6 23. Nd3 Nd7 24. Re1 Rf8 25. Qd1 Qf5 26. b3 h5 27. h3 h6 28.
Qe2 h4 29. Rd1 Qg5 30. Nb2 Ne5 31. Qxe5 Qxe5 32. Nc4+ Kc7 33. Nxe5 Rf2 34. Nc4
Rxc2 35. Nxa5 Rc3 36. Rb1 Kb6 37. Nc4+ Rxc4 38. bxc4 Ka5 39. g3 Kxa4 40. Ra1+
Kb3 41. Ra6 Kxc4 42. Rxc6 b3 43. Rf6 b2 44. Rf1 hxg3 45. Kg2 Bd6 46. Rb1 Kc3 47.
Rd1 Bf4 0-1

[Event "29th Czech Open A 2018"]
[Site "Pardubice CZE"]
[Date "2018.07.21"]
[Round "2.32"]
[White "Krapivin, Vladislav"]
[Black "Drozdowski, Kacper"]
[Result "0-1"]
[WhiteTitle "IM"]
[BlackTitle "IM"]
[WhiteElo "2310"]
[BlackElo "2455"]
[WhiteFideId "4126149"]
[BlackFideId "1136720"]
[EventDate "2018.07.20"]

1. e4 c5 2. Nc3 e6 3. Nge2 Nc6 4. g3 d5 5. exd5 exd5 6. Bg2 d4 7. Nd5 Bd6 8. d3
Nge7 9. Nef4 O-O 10. O-O Nxd5 11. Nxd5 Be6 12. Qh5 Ne5 13. h3 Ng6 14. Bd2 Qd7
15. f4 f5 16. Rfe1 Rad8 17. c4 dxc3 18. Nxc3 Be7 19. Qf3 b6 20. Rad1 Bf6 21. Qc6
Bf7 22. Be3 Ne7 23. Qxd7 Rxd7 24. Rd2 Rfd8 25. Red1 Bh5 26. Ne2 Bxe2 27. Rxe2
Rxd3 28. Rde1 Rxe3 29. Rxe3 Bd4 30. Kf1 Bxe3 31. Rxe3 Kf7 32. Ke1 Rd4 33. a3 Nc8
34. Re5 Nd6 35. Bd5+ Kf8 36. Ke2 g6 37. Bc6 a5 38. b3 c4 39. bxc4 Rxc4 40. Bf3
Rc2+ 41. Kd3 Ra2 42. Re6 Rxa3+ 43. Kd4 Nb5+ 44. Kc4 Rxf3 45. Kxb5 Rxg3 46. Kxb6
Rxh3 0-1

[Event "29th Czech Open A 2018"]
[Site "Pardubice CZE"]
[Date "2018.07.21"]
[Round "2.33"]
[White "Nasanjargal, Urtnasan"]
[Black "Mladek, Richard"]
[Result "1-0"]
[WhiteTitle "FM"]
[WhiteElo "2454"]
[BlackElo "2299"]
[WhiteFideId "4900774"]
[BlackFideId "386588"]
[EventDate "2018.07.20"]

1. Nf3 Nf6 2. c4 g6 3. Nc3 Bg7 4. d4 O-O 5. g3 d6 6. Bg2 Nc6 7. O-O a6 8. Bf4
Rb8 9. Rc1 h6 10. Qd3 g5 11. Bd2 Bg4 12. d5 Nb4 13. Qb1 a5 14. Nd4 Qd7 15. Ncb5
c5 16. dxc6 Nxc6 17. e4 e6 18. f3 Bh5 19. Rfd1 d5 20. cxd5 Nxd5 21. Ne2 Ne5 22.
Nbd4 Bg6 23. Qa1 Nd3 24. exd5 Nxc1 25. Qxc1 Qxd5 26. Bc3 Qxa2 27. b3 Rfc8 28.
Rd2 Qb1 29. Qxb1 Bxb1 30. Bxa5 Bf8 31. Rd1 Bc2 32. Nxc2 Rxc2 33. Rd2 Rxd2 34.
Bxd2 Bc5+ 35. Kf1 Rd8 36. Ke1 Bf2+ 37. Kxf2 Rxd2 38. f4 b6 39. Bc6 gxf4 40. gxf4
Rb2 41. Ba4 h5 42. h4 Kg7 43. Ke3 Kg6 44. Nd4 Kf6 45. Bb5 Rh2 46. Nf3 Rb2 47.
Nd2 Rc2 48. Bd3 Rc1 49. b4 Rh1 50. Nf3 Ke7 51. b5 Kd6 52. Kf2 Ra1 53. Ng5 f5 54.
Be2 Ra2 55. Ke3 Ra3+ 56. Kd4 Ra4+ 57. Bc4 Ke7 58. Nf3 Ra1 59. Ke5 Ra3 60. Ng5
Re3+ 61. Kd4 Re1 62. Kd3 Rd1+ 63. Ke3 Kf6 64. Nf3 Rh1 65. Kf2 Ra1 66. Ne5 Ke7
67. Be2 Ra2 68. Nc4 Ra4 69. Ke3 Ra1 70. Nxb6 Rh1 71. Na4 Rxh4 72. b6 Kd6 73. b7
Kc7 74. Nc5 e5 75. fxe5 f4+ 76. Ke4 Rh3 77. Bf3 1-0

[Event "29th Czech Open A 2018"]
[Site "Pardubice CZE"]
[Date "2018.07.21"]
[Round "2.34"]
[White "Sarkar, Justin"]
[Black "Jansa, Vlastimil"]
[Result "1-0"]
[WhiteTitle "IM"]
[BlackTitle "GM"]
[WhiteElo "2307"]
[BlackElo "2451"]
[WhiteFideId "2010011"]
[BlackFideId "300128"]
[EventDate "2018.07.20"]

1. d4 Nf6 2. Nf3 g6 3. g3 Bg7 4. Bg2 d5 5. c4 dxc4 6. Na3 O-O 7. Nxc4 Be6 8. b3
c5 9. Bb2 Nc6 10. O-O Bxc4 11. bxc4 Nd7 12. e3 Nb6 13. Rc1 Na5 14. Bc3 Nbxc4 15.
dxc5 Bxc3 16. Rxc3 Qc7 17. Qa4 Rac8 18. Rxc4 Nxc4 19. Qxc4 Qxc5 20. Qh4 b6 21.
Ng5 h5 22. g4 Qc4 23. Ne4 f6 24. gxh5 Kg7 25. Qg3 Qf7 26. Bh3 f5 27. Ng5 Qf6 28.
hxg6 Rh8 29. Kh1 Rh5 30. Rg1 Rc4 31. e4 Rc3 32. Ne6+ 1-0

[Event "29th Czech Open A 2018"]
[Site "Pardubice CZE"]
[Date "2018.07.21"]
[Round "2.35"]
[White "Kozak, Adam"]
[Black "Heinemann, Josefine"]
[Result "1-0"]
[WhiteTitle "IM"]
[BlackTitle "WIM"]
[WhiteElo "2446"]
[BlackElo "2294"]
[WhiteFideId "753246"]
[BlackFideId "12900460"]
[EventDate "2018.07.20"]

1. Nf3 d5 2. g3 g6 3. Bg2 Bg7 4. d4 Nf6 5. O-O O-O 6. c4 c6 7. Qb3 Qb6 8. Nc3
Rd8 9. Bd2 Bf5 10. Na4 Qxb3 11. axb3 Nbd7 12. Rfc1 Rdc8 13. Bb4 Kf8 14. e3 Ne4
15. cxd5 cxd5 16. Rxc8+ Rxc8 17. Nc3 Nxc3 18. bxc3 a6 19. Nd2 Nf6 20. c4 Be6 21.
Ra5 dxc4 22. bxc4 Bxc4 23. Bxb7 Rb8 24. Nxc4 Rxb7 25. Ba3 Rc7 26. Nb6 Ne4 27.
Rxa6 f5 28. Nd5 Rc2 29. Nxe7 Ke8 30. Ra8+ Kd7 31. Ra7+ Rc7 32. Rxc7+ Kxc7 33.
Nd5+ Kc6 34. Nf4 Kd7 35. Bb4 Nf6 36. Nd3 Nd5 37. Bc5 g5 38. Kf1 g4 39. Ba7 Bf8
40. Bc5 Bg7 41. Ba7 Bf8 42. Bb8 Be7 43. Be5 Ke6 44. Kg2 h5 45. Nf4+ Nxf4+ 46.
exf4 Kd5 47. f3 Bb4 48. h3 gxh3+ 49. Kxh3 Bd2 50. Kh4 Be1 51. Kh3 Bd2 52. Kh4
Be1 53. Kxh5 Bxg3 54. Kg5 Ke6 55. d5+ Kxd5 56. Kxf5 Bh4 57. Bf6 Bg3 58. Bg5 Kd4
59. Ke6 Ke3 60. f5+ Kxf3 61. f6 Kg4 62. f7 1-0

[Event "29th Czech Open A 2018"]
[Site "Pardubice CZE"]
[Date "2018.07.21"]
[Round "2.36"]
[White "Gurbanov, Andrei"]
[Black "Haba, Petr"]
[Result "1-0"]
[WhiteTitle "IM"]
[BlackTitle "GM"]
[WhiteElo "2305"]
[BlackElo "2445"]
[WhiteFideId "13503391"]
[BlackFideId "300160"]
[EventDate "2018.07.20"]

1. d4 d5 2. Nf3 Nf6 3. c4 c6 4. e3 e6 5. Bd3 Nbd7 6. O-O dxc4 7. Bxc4 Bd6 8. Nc3
b5 9. Bd3 O-O 10. e4 e5 11. Be3 a6 12. h3 exd4 13. Nxd4 Ne5 14. Bc2 c5 15. Nb3
c4 16. Nd4 Bb7 17. Nf5 Nd3 18. Bxd3 cxd3 19. Bd4 Re8 20. Qxd3 Be5 21. Rad1 Nxe4
22. Rfe1 Qg5 23. Nxe4 Qxf5 24. Bxe5 Qxe5 25. Nd6 Qxe1+ 26. Rxe1 Rxe1+ 27. Kh2
Re7 28. Nf5 Re6 29. Qd4 Rf6 30. Qg4 g6 31. Nh6+ Kf8 32. Qb4+ Ke8 33. Qd4 Re6 34.
Qg7 Re7 35. Qxh7 Rd8 36. Ng4 Kd7 37. Qg7 Kc8 38. Qf6 Rc7 39. Ne5 Rd2 40. Nxf7
Kb8 41. Qf4 Rc2 42. Nd6 Ka8 43. b4 Rd7 44. Nxb7 Rxb7 45. Qf6 Rxa2 46. Qxg6 Ka7
47. Qe6 Ra4 48. Qe3+ Ka8 49. Qe1 Ka7 50. f4 a5 51. f5 axb4 52. f6 b3 53. Qf2+
Ka6 54. f7 Rxf7 55. Qxf7 Rb4 56. Qe7 1-0

[Event "29th Czech Open A 2018"]
[Site "Pardubice CZE"]
[Date "2018.07.21"]
[Round "2.37"]
[White "Kozusek, Daniel"]
[Black "Lodici, Lorenzo"]
[Result "0-1"]
[BlackTitle "IM"]
[WhiteElo "2302"]
[BlackElo "2441"]
[WhiteFideId "349500"]
[BlackFideId "884189"]
[EventDate "2018.07.20"]

1. d4 d5 2. c4 e6 3. Nf3 Nf6 4. g3 Bb4+ 5. Bd2 Bd6 6. Bg2 c6 7. Nc3 O-O 8. b3
Ne4 9. O-O Nxd2 10. Nxd2 f5 11. e3 Nd7 12. Qc2 Nf6 13. c5 Bc7 14. f4 Bd7 15. b4
Kh8 16. a4 g5 17. Nf3 h6 18. b5 Rg8 19. bxc6 bxc6 20. Rab1 Rg7 21. Na2 Ne4 22.
Nb4 h5 23. Ne5 gxf4 24. exf4 h4 25. Bxe4 fxe4 26. Rb3 Bxe5 27. fxe5 Qg5 28. Qf2
Rb8 29. a5 e3 30. Qe2 hxg3 31. h3 Qh4 32. Rf3 Qxh3 33. Rfxe3 Qh4 34. Nc2 Rxb3
35. Rxb3 g2 36. Rb8+ Kh7 37. Qd3+ Rg6 38. Rh8+ Kxh8 39. Qxg6 Qh1+ 40. Kf2 Qf1+ 0-1

[Event "29th Czech Open A 2018"]
[Site "Pardubice CZE"]
[Date "2018.07.21"]
[Round "2.38"]
[White "Neuman, Petr"]
[Black "Monnisha, G K"]
[Result "1-0"]
[WhiteTitle "GM"]
[BlackTitle "WIM"]
[WhiteElo "2440"]
[BlackElo "2292"]
[WhiteFideId "305243"]
[BlackFideId "5009936"]
[EventDate "2018.07.20"]

1. e4 e5 2. Nf3 Nc6 3. d4 exd4 4. Nxd4 Bc5 5. Nxc6 Qf6 6. Qf3 bxc6 7. Nd2 d6 8.
Bd3 h5 9. h3 Be6 10. O-O Qh4 11. Nb3 Bb6 12. Be3 Ne7 13. Bxb6 axb6 14. Qe3 O-O
15. f4 f5 16. Rae1 Rae8 17. Nd4 Bd7 18. Bc4+ d5 19. Nf3 Qg3 20. exd5 cxd5 21.
Qd2 Bc6 22. Bb3 Ng6 23. Rxe8 Rxe8 24. Nd4 Bd7 25. Bxd5+ Kh8 26. Bf7 Re7 27. Nxf5
Bxf5 28. Qd8+ Kh7 29. Bxg6+ Qxg6 30. Qxe7 Bxh3 31. Qg5 1-0

[Event "29th Czech Open A 2018"]
[Site "Pardubice CZE"]
[Date "2018.07.21"]
[Round "2.39"]
[White "Garayev, Kanan"]
[Black "Haria, Ravi"]
[Result "1/2-1/2"]
[WhiteTitle "FM"]
[BlackTitle "IM"]
[WhiteElo "2300"]
[BlackElo "2440"]
[WhiteFideId "13406671"]
[BlackFideId "415820"]
[EventDate "2018.07.20"]

1. d4 e6 2. Nf3 d5 3. c4 a6 4. cxd5 exd5 5. Nc3 c6 6. Bf4 Bd6 7. Bxd6 Qxd6 8. e3
Ne7 9. h3 O-O 10. Bd3 Bf5 11. O-O Nd7 12. Bxf5 Nxf5 13. Qb3 Rab8 14. e4 dxe4 15.
Nxe4 Qg6 16. Rfe1 Rfe8 17. Rad1 Ne7 18. Nh4 Qh6 19. Qg3 Ng6 20. Nxg6 Qxg6 21.
Qxg6 hxg6 22. Nd6 Rxe1+ 23. Rxe1 Kf8 24. Re3 Nf6 25. Rb3 b6 26. Nc4 1/2-1/2

[Event "29th Czech Open A 2018"]
[Site "Pardubice CZE"]
[Date "2018.07.21"]
[Round "2.40"]
[White "Das, Arghyadip"]
[Black "Mehar, Chinna Reddy C.H."]
[Result "1/2-1/2"]
[WhiteTitle "IM"]
[BlackTitle "FM"]
[WhiteElo "2436"]
[BlackElo "2286"]
[WhiteFideId "5003610"]
[BlackFideId "5027420"]
[EventDate "2018.07.20"]

1. e4 g6 2. d4 Bg7 3. Nc3 d6 4. f4 a6 5. Nf3 b5 6. Bd3 Bb7 7. e5 Nh6 8. Qe2 O-O
9. a4 b4 10. Ne4 Nd7 11. O-O c5 12. exd6 cxd4 13. Nc5 Bxf3 14. Rxf3 exd6 15.
Nxa6 Re8 16. Qf1 Ng4 17. Bd2 Ne3 18. Qb1 Nc5 19. Nxb4 Qc8 20. Bb5 Ne4 21. Qc1
Nxd2 22. Qxd2 Re7 23. Rc1 Qc5 24. Nd3 Qb6 25. Kh1 Rc8 26. c4 dxc3 27. bxc3 d5
28. Nb4 Qc5 29. Nc6 1/2-1/2

[Event "29th Czech Open A 2018"]
[Site "Pardubice CZE"]
[Date "2018.07.21"]
[Round "2.42"]
[White "Claridge-Hansen, William"]
[Black "Malakhov, Igor"]
[Result "1/2-1/2"]
[WhiteTitle "FM"]
[BlackTitle "IM"]
[WhiteElo "2291"]
[BlackElo "2431"]
[WhiteFideId "422509"]
[BlackFideId "4183088"]
[EventDate "2018.07.20"]

1. c4 c5 2. g3 g6 3. Bg2 Bg7 4. Nc3 Nf6 5. e4 O-O 6. Nge2 Nc6 7. d3 Ne8 8. Be3
d6 9. O-O Nc7 10. d4 cxd4 11. Nxd4 Bd7 12. h3 Nxd4 13. Bxd4 Bc6 14. Bxg7 Kxg7
15. Qd2 Ne6 16. f4 a5 17. Rad1 Nc5 18. Qd4+ Kg8 19. e5 Ne6 20. Qf2 Bxg2 21. Kxg2
Ra6 22. Ne4 Qc7 23. exd6 Qxc4 24. Rfe1 exd6 25. b3 Qc6 26. Rxd6 Qb5 27. Rxa6
bxa6 28. Qb2 Qc6 29. Kh2 Rc8 30. Nf6+ Kg7 31. Nd5+ Kh6 32. Qe5 Rd8 33. Nf6 Rd2+
34. Re2 Rxe2+ 35. Qxe2 Qc3 36. Ng4+ Kg7 37. Qe5+ Qxe5 38. Nxe5 Nc5 39. Kg2 a4
40. b4 Ne4 41. Kf3 Nc3 42. a3 Nb5 43. Nc4 Kf6 44. Ke4 Ke6 45. g4 f5+ 46. gxf5+
gxf5+ 47. Kd3 Nc7 48. Nb6 Nd5 49. Nxa4 Nxf4+ 50. Kd4 Nxh3 51. Nc5+ Kd6 52. Nxa6
Nf4 53. Nc5 h5 54. Ke3 Nd5+ 55. Kf3 Kc6 56. Ne6 Kb5 57. Nd4+ 1/2-1/2

[Event "29th Czech Open A 2018"]
[Site "Pardubice CZE"]
[Date "2018.07.21"]
[Round "2.43"]
[White "Bakalchuk, Johnatan"]
[Black "Gomes, Mary Ann"]
[Result "1/2-1/2"]
[WhiteTitle "IM"]
[BlackTitle "WGM"]
[WhiteElo "2429"]
[BlackElo "2284"]
[WhiteFideId "2810301"]
[BlackFideId "5013623"]
[EventDate "2018.07.20"]

1. c4 Nf6 2. Nf3 e6 3. g3 b6 4. Bg2 Bb7 5. O-O c5 6. b3 Be7 7. Bb2 O-O 8. e3 Nc6
9. Nc3 d5 10. cxd5 exd5 11. d4 Re8 12. Re1 Bf8 13. Rc1 Rc8 14. Bh3 Rb8 15. Ne2
c4 16. bxc4 dxc4 17. Nf4 b5 18. Bg2 Ne4 19. Nd2 Nxd2 20. Qxd2 Bb4 21. Bc3 Ba3
22. Bb2 Bb4 23. Bc3 Ba3 24. Bb2 Bb4 25. Bc3 Ba3 1/2-1/2

[Event "29th Czech Open A 2018"]
[Site "Pardubice CZE"]
[Date "2018.07.21"]
[Round "2.44"]
[White "Braeuer, Franz"]
[Black "Serrano Salvador, Eduardo"]
[Result "1-0"]
[WhiteTitle "IM"]
[BlackTitle "FM"]
[WhiteElo "2426"]
[BlackElo "2280"]
[WhiteFideId "24634468"]
[BlackFideId "2214075"]
[EventDate "2018.07.20"]

1. e4 d6 2. d4 Nf6 3. Nc3 e5 4. Nf3 Nbd7 5. Bc4 Be7 6. a4 O-O 7. O-O c6 8. h3
exd4 9. Qxd4 Qa5 10. Bf4 Nb6 11. b4 c5 12. bxa5 cxd4 13. Nd5 Nxc4 14. Nxe7+ Kh8
15. Rfd1 Re8 16. Rxd4 Rxe7 17. Rxc4 Rxe4 18. Rxe4 Nxe4 19. Re1 d5 20. Nd4 Be6
21. Rb1 Nc5 22. Bd6 Ne4 23. Bf4 Nc5 24. Bd6 Ne4 25. Be5 Nc5 26. Nxe6 fxe6 27.
Bd4 Rc8 28. Rb5 b6 29. axb6 axb6 30. a5 Nb7 31. a6 1-0

[Event "29th Czech Open A 2018"]
[Site "Pardubice CZE"]
[Date "2018.07.21"]
[Round "2.45"]
[White "Haring, Viktor"]
[Black "Kopylov, Michael"]
[Result "1/2-1/2"]
[WhiteTitle "FM"]
[BlackTitle "IM"]
[WhiteElo "2289"]
[BlackElo "2426"]
[WhiteFideId "14919400"]
[BlackFideId "14105080"]
[EventDate "2018.07.20"]

1. e4 c5 2. Nf3 d6 3. d4 cxd4 4. Nxd4 Nf6 5. Nc3 a6 6. Be3 Ng4 7. Bg5 h6 8. Bh4
g5 9. Bg3 Bg7 10. h3 Ne5 11. Be2 Nbc6 12. Nb3 b5 13. O-O Bb7 14. a4 b4 15. Nd5
e6 16. Ne3 O-O 17. Qd2 Qc7 18. f4 gxf4 19. Bxf4 Ne7 20. Ng4 Nxg4 21. Bxg4 Bxe4
22. Bxd6 Qxc2 23. Bd1 Bd4+ 24. Kh1 Qxb2 25. Qxb2 Bxb2 26. Ra2 Nf5 27. Rxf5 Rfd8
28. Rf1 Bc3 29. Be7 Rd3 30. Bf3 Bxf3 31. gxf3 f5 32. Nc5 Re3 33. Bd6 e5 34. Rg2+
Kf7 35. Rfg1 e4 36. fxe4 Rxh3+ 37. Rh2 Rxh2+ 38. Kxh2 Rc8 39. Rf1 Be5+ 40. Bxe5
Rxc5 41. Bd4 Rc4 42. Rxf5+ Ke6 43. Re5+ Kf7 44. Rd5 b3 45. Kg3 Rb4 46. Kf4 b2
47. Bxb2 Rxb2 48. Rd6 a5 49. Ra6 h5 50. Rxa5 h4 51. Rh5 Ra2 52. Rxh4 1/2-1/2

[Event "29th Czech Open A 2018"]
[Site "Pardubice CZE"]
[Date "2018.07.21"]
[Round "2.46"]
[White "Slovak, Kilian"]
[Black "Zwardon, Vojtech"]
[Result "0-1"]
[BlackTitle "IM"]
[WhiteElo "2285"]
[BlackElo "2424"]
[WhiteFideId "365440"]
[BlackFideId "325511"]
[EventDate "2018.07.20"]

1. e4 c5 2. Nf3 Nc6 3. d4 cxd4 4. Nxd4 g6 5. c4 Bg7 6. Be3 Nf6 7. Nc3 Ng4 8.
Qxg4 Nxd4 9. Qd1 Ne6 10. Rc1 Qa5 11. Qd2 b6 12. Be2 Bb7 13. f3 g5 14. b3 h5 15.
Nd5 Qxd2+ 16. Kxd2 h4 17. b4 Be5 18. c5 bxc5 19. bxc5 Bxd5 20. exd5 Nf4 21. Bc4
Nxg2 22. Bxg5 Bd4 23. c6 f6 24. Kd3 Bb6 25. cxd7+ Kxd7 26. Bd2 h3 27. Bb5+ Kd8
28. Rc4 Nh4 29. Rf1 Ng6 30. f4 Rb8 31. a4 Rh4 32. Rf3 Bc7 33. Rg3 a6 34. Bc6
Rb3+ 35. Bc3 Rh6 36. Kc2 Ra3 37. d6 Rxc3+ 38. Kxc3 Bxd6 39. Be4 Nxf4 40. Bf5 e6
41. Rg8+ Ke7 42. Be4 f5 43. Bb7 a5 44. Rg7+ Kf6 45. Rd7 Be5+ 46. Kc2 Ng2 47. Rc5
Bxh2 48. Rxa5 Ne3+ 49. Kd3 Ng4 50. Ke2 Bg1 51. Rb5 h2 52. a5 Nf2 53. a6 Ne4 54.
a7 h1=Q 55. a8=Q Qg2+ 56. Kd3 Qd2+ 57. Kc4 Qc3# 0-1

[Event "29th Czech Open A 2018"]
[Site "Pardubice CZE"]
[Date "2018.07.21"]
[Round "2.47"]
[White "Matviishen, Viktor"]
[Black "Manush, Shah"]
[Result "1-0"]
[WhiteTitle "IM"]
[WhiteElo "2423"]
[BlackElo "2275"]
[WhiteFideId "14129850"]
[BlackFideId "5040680"]
[EventDate "2018.07.20"]

1. d4 d5 2. Nf3 Nf6 3. c4 c6 4. Qc2 dxc4 5. Qxc4 Bf5 6. Nc3 e6 7. g3 Be7 8. Bg2
O-O 9. O-O Nbd7 10. Re1 Ne4 11. Qb3 Qb6 12. Nh4 Qxb3 13. axb3 Bxh4 14. gxh4 Nef6
15. e4 Bg6 16. Bf4 Rfe8 17. Bd6 a6 18. Ra5 h6 19. f4 Rad8 20. Bf3 Nf8 21. Be5
N8d7 22. Bc7 Rc8 23. Bd6 Nb6 24. h5 Bh7 25. Kf2 Red8 26. Bc5 Na8 27. Ra4 Rd7 28.
Ke3 b6 29. Ba3 Nc7 30. Rc4 Nb5 31. Rc1 Rcd8 32. Nxb5 cxb5 33. Rc8 Ne8 34. R1c6
a5 35. Rxd8 Rxd8 36. Be7 Rb8 37. f5 exf5 38. e5 f4+ 39. Kxf4 g5+ 40. hxg6 Bxg6
41. d5 Ng7 42. Bg4 f6 43. Rxf6 Nh5+ 44. Bxh5 Bxh5 45. d6 1-0

[Event "29th Czech Open A 2018"]
[Site "Pardubice CZE"]
[Date "2018.07.21"]
[Round "2.48"]
[White "Mosesov, Danylo"]
[Black "Haldorsen, Benjamin"]
[Result "0-1"]
[WhiteTitle "FM"]
[BlackTitle "FM"]
[WhiteElo "2282"]
[BlackElo "2423"]
[WhiteFideId "14149494"]
[BlackFideId "1512633"]
[EventDate "2018.07.20"]

1. e4 c5 2. Nf3 e6 3. d4 cxd4 4. Nxd4 Nc6 5. Nc3 Qc7 6. Be3 a6 7. Be2 b5 8. O-O
Bb7 9. a3 Nf6 10. f4 d6 11. Bf3 Be7 12. Qe1 O-O 13. Qg3 Rfe8 14. Rae1 Rad8 15.
Kh1 Rd7 16. Nb3 Rdd8 17. Qf2 Nd7 18. g4 Na5 19. Nxa5 Qxa5 20. g5 b4 21. axb4
Qxb4 22. Qd2 Qc4 23. Bg2 Rc8 24. f5 Bf8 25. fxe6 fxe6 26. Qf2 Ne5 27. Bd4 Qc7
28. Qg3 Nc6 29. Bg1 g6 30. h4 Bg7 31. h5 Qe7 32. Bh3 Nd4 33. hxg6 hxg6 34. Rf6
Nf5 35. Bxf5 exf5 36. Rxg6 Kf7 37. Qf3 Rh8+ 38. Kg2 Qe5 39. Rxg7+ Kxg7 40. Qd3
fxe4 41. Nxe4 Qxg5+ 42. Kf1 Qf5+ 43. Nf2 Qxd3+ 44. Nxd3 Rhf8+ 45. Bf2 Rxc2 46.
Kg1 Kf7 47. Re3 Re8 48. Rg3 Rg8 49. Kf1 Rxg3 50. Bxg3 Bc6 0-1

[Event "29th Czech Open A 2018"]
[Site "Pardubice CZE"]
[Date "2018.07.21"]
[Round "2.49"]
[White "Jurek, Josef"]
[Black "Erenberg, Ariel"]
[Result "1/2-1/2"]
[WhiteTitle "IM"]
[BlackTitle "IM"]
[WhiteElo "2277"]
[BlackElo "2413"]
[WhiteFideId "300993"]
[BlackFideId "2811634"]
[EventDate "2018.07.20"]

1. d4 Nf6 2. c4 e6 3. g3 d5 4. Bg2 Bb4+ 5. Bd2 Be7 6. Nf3 O-O 7. O-O c6 8. Qc2
Ne4 9. Bf4 Nd7 10. Nc3 g5 11. Be3 f5 12. Rad1 Bf6 13. Ne1 Nd6 14. c5 Nf7 15. f4
b6 16. b4 a5 17. a3 axb4 18. axb4 bxc5 19. bxc5 Ba6 20. Nf3 g4 21. Ne5 Nfxe5 22.
fxe5 Bg5 23. Qd2 h6 24. Ra1 Bxe3+ 25. Qxe3 Qg5 26. Qxg5+ hxg5 27. Rfb1 Kf7 28.
Bf1 Ke7 29. e3 Bxf1 30. Rxf1 Rfb8 31. Ne2 Kd8 32. Kf2 Kc7 33. Rfb1 Rxa1 34. Rxa1
Kb7 35. Rb1+ Kc8 36. Rxb8+ Nxb8 37. Ke1 Kb7 38. Kd2 Nd7 39. Nc1 Ka6 40. Kc3 Kb5
41. Kb3 Ka5 42. Nd3 Kb5 43. Nf2 Nf8 44. Nd3 Nd7 1/2-1/2

[Event "29th Czech Open A 2018"]
[Site "Pardubice CZE"]
[Date "2018.07.21"]
[Round "2.50"]
[White "Yankelevich, Lev"]
[Black "Kenneskog, Theodor"]
[Result "1/2-1/2"]
[WhiteTitle "IM"]
[BlackTitle "FM"]
[WhiteElo "2411"]
[BlackElo "2273"]
[WhiteFideId "24684074"]
[BlackFideId "1715011"]
[EventDate "2018.07.20"]

1. Nf3 Nf6 2. c4 c5 3. Nc3 d5 4. cxd5 Nxd5 5. e3 Nxc3 6. dxc3 Qc7 7. e4 e6 8.
Bb5+ Nc6 9. O-O Bd6 10. Qe2 O-O 11. Bg5 a6 12. Bd3 b5 13. Rae1 c4 14. Bc2 e5 15.
Be3 Ne7 16. Nh4 Bc5 17. Rd1 Bxe3 18. Qxe3 Bg4 19. f3 Be6 20. Rd2 Rad8 21. Rfd1
g6 22. g3 Rxd2 23. Qxd2 Nc6 24. Ng2 Rd8 25. Qe3 Rxd1+ 26. Bxd1 Qa7 27. Kf2 Kf8
28. Qxa7 Nxa7 29. f4 f6 30. h4 Nc8 31. Ke3 Ke7 32. g4 Bf7 33. g5 Nd6 34. Ne1
exf4+ 35. Kxf4 fxg5+ 36. hxg5 Be6 37. Nc2 Nb7 38. Nd4 Nc5 39. Bc2 Kd6 40. b4
cxb3 41. axb3 Bd7 42. e5+ Ke7 43. b4 Na4 44. Bb3 Nxc3 45. e6 Bc8 46. Ke5 Bb7 47.
Nc2 Ne4 48. Kf4 Nd2 49. Nd4 1/2-1/2